[Event "FRA-chT2 East 0607"]
[Site "France"]
[Date "2006.11.26"]
[Round "3.8"]
[White "Genzling, Sylvie"]
[Black "Cechetto, Lea"]
[Result "1-0"]
[WhiteElo "1894"]
[BlackElo "1790"]
[PlyCount "145"]
[EventDate "2006.10.15"]
[EventType "team"]
[EventRounds "11"]
[EventCountry "FRA"]
[SourceTitle "EXT 2008"]
[Source "ChessBase"]
[SourceDate "2007.11.25"]
[SourceVersion "1"]
[SourceVersionDate "2007.11.25"]
[SourceQuality "1"]
[WhiteTeam "Bischwiller II"]
[BlackTeam "Belfort"]
[WhiteTeamCountry "FRA"]
[BlackTeamCountry "FRA"]

1. e4 e5 2. Nf3 Nc6 3. d4 exd4 4. Bc4 Bc5 5. c3 dxc3 6. Bxf7+ Kf8 7. Bxg8 Rxg8 8. Ng5 cxb2 9. Qf3+ Qf6 10. Bxb2 Qxf3 11. Nxf3 d6 12. 0-0 Ke7 13. Nc3 Bd7 14. Nd5+ Kd8 15. Rac1 Nb4 16. Nxb4 Bxb4 17. e5 Be6 18. a3 Bc5 19. Rfe1 Kd7 20. exd6 Bxd6 21. Ne5+ Ke7 22. Nc4 Bf4 23. Ne3 Kf7 24. g3 Bd6 25. Nc4 Bxc4 26. Rxc4 Rge8 27. Rec1 Re2 28. Rb1 Rae8 29. Kf1 R8e4 30. Rc3 Be5 31. Rf3+ Ke6 32. Bxe5 Rxe5 33. Rxb7 Rc2 34. Rxa7 h5 35. h4 Rc1+ 36. Kg2 Ree1 37. Re3+ Rxe3 38. fxe3 g6 39. a4 c5 40. a5 Ra1 41. a6 c4 42. Rc7 Rxa6 43. Rxc4 Ke5 44. Kf3 Rf6+ 45. Rf4 Rd6 46. Re4+ Kf5 47. Ra4 Rb6 48. Ra5+ Kf6 49. Kf4 Rb1 50. Ra6+ Kf7 51. e4 Rf1+ 52. Kg5 Rf3 53. Ra7+ Ke6 54. Kxg6 Rxg3+ 55. Kxh5 Ke5 56. Re7+ Kf6 57. Re8 Rg2 58. Ra8 Ke5 59. Rf8 Kxe4 60. Kh6 Ke5 61. h5 Ke6 62. Kh7 Rg5 63. h6 Ke7 64. Rg8 Ra5 65. Rg2 Kf7 66. Rf2+ Ke8 67. Kg6 Ra1 68. Rg2 Kf8 69. h7 Rh1 70. Rg5 Rh2 71. Rf5+ Ke7 72. Rh5 Rg2+ 73. Kh6 1-0